000
00209 a2200097 4500
001
42967
100
_a
Pudney
245
_a
Side great aviators
260
_a
London
_b
Hamish Hamilton
_c
090
_c
26844
_d
26844
942
_a
NUST-CAE
_c
M
_c
18718
999
_c
278040
_d
278040